000 01059cab a2200193 4500
001 ABS44584
008 090401t1991 xxu||||| |||| 00| 0 eng d
035 _a(Sirsi) u47888
041 _aeng
245 _aValuation by comparable sales and linear algebra
260 _c1991
350 _a0
490 _aJournal of Property Research
_v8(1) Spring 1991, 3-19(17)
520 _aProperty valuation by comparable sales, though a standard and widespread technique, is imprecise. Identifying a need for improving the methodology within an algebraic and arithmetical structure, the first (by D.G. Wiltshaw) of two articles suggests linear programming as an appropriate alternative to current practice, whilst acknowledging its shortcomings as a means of forecasting. The second (by G.A. Matysiak) challenges the former`s approach, taking issue with its linear determinism and claiming that it thwarts the valuation of an individual property`s worth.
650 _aVALUATION TECHNIQUES
690 _aRATING AND VALUATION
942 _n0
948 _c04/03/1997
999 _c30129
_d30129